00557nam a22001937a 450000500170000001000150001702000260003203500130005803700130007108200130008410000220009724500800011925000230019926000340022227000380025630000310029452000120032570000260033720170203121617.0 aENG-107172 a9788180549441c425.00 aEN-90705 bDBAD/PUB a658.1511 aMaheshwari, S. N. aAccounting for management /cby S. N. Maheshwari [and] Sharad K. Maheshwari a3rd rev. & enl. ed aNew DelhibSultan Chandc2012 a23, Daryaganj bNew Delhie110002 avarious pagingsc25cm(pbk) a13-14EN aMaheshwari, Sharad K.